000 00772nam a2200217 i 4500
001 bg
245 4 0 _aThe Kriton Curi international symposium on environmental management in the Mediterranean Region
_b[Turkey, 11-20 June 1998] : proceedings.
_nVol. 1 /
_ced. Günay Kocasoy.
260 _aIstanbul :
_bBo~4gaziçi University,
_c1998.
300 _a[14], 526, [9] :
_bfot., rys., wykr. ;
_c25 cm.
650 9 _aŚrodowisko człowieka
_xhigiena i ochrona
_zTurcja
650 9 _aŚrodowisko człowieka
_xekonomika
655 _aMateriały konferencyjne
700 1 _aKOCASOY, Günay.
_eRed.
020 _a9755181156
040 _cBPK
041 0 _apl
080 _a504(560)(061.3)
920 _a975-518-115-6
942 _cKS
008 s pl f |000 0 pol
999 _c33235
_d33235
856 _uhttp://koha.tu.koszalin.pl/cgi-bin/koha/opac-detail.pl?biblionumber=33235
_yKatalog online BPK